000 00620nam a2200241Ia 4500
005 20260121112735.0
008 8428 260114s9999 xx 000 0 eng d
020 _a9789812794833
037 _aEBOOK
040 _aCRL
_beng
_cCRL
041 _aeng
_2eng
084 _qCRL
100 _aChen Falai Et Al
_9962479
245 0 _aGeometric Computation
260 _bWorld Scientific
260 _bWSPC
260 _c2004
650 _aComputer Science
_9962480
856 _uhttps://www.worldscientific.com/worldscibooks/10.1142/5503#t=toc
942 _cEBOOK
999 _c1545728
_d1545728